| 000 | 00355nam a2200145Ia 4500 | ||
|---|---|---|---|
| 008 | 150201s2008 xx 000 0 und d | ||
| 082 |
_a618.1 _bT08R |
||
| 100 | _aROCK, JHON A. | ||
| 245 | _aTE LINDE,S OPERATIVE GYNAECOLOGY | ||
| 250 | _a10TH | ||
| 260 |
_bWOLTERS KLUWER _aINDIA _c2008 |
||
| 300 | _a1-1449 | ||
| 650 | _aGYNECOLOGY | ||
| 942 |
_2ddc _cBK _01 |
||
| 999 |
_c1699 _d1699 |
||